| 000 | 00428cam a2200169ua 4500 | ||
|---|---|---|---|
| 020 | _c20.00 | ||
| 041 |
_ahin _h |
||
| 082 |
_a891.54 _bVEN/AD |
||
| 100 | _aVenkat , Sharma . | ||
| 245 |
_aAdhunik hindi sahithya mem samalochna ka vikas / _cVenkat Sharma. _hTextual Documents |
||
| 260 |
_a : _bAtmaram and Sons , _c1962. |
||
| 300 | _a517 ; . | ||
| 365 | _a20.00 | ||
| 504 | _a | ||
| 942 | _cBK | ||
| 999 |
_c8168 _d8168 |
||